=LDR 00000nam 2200000 4500 =001 INLIS000000000022333 =005 20130612121112 =008 ***********************************Ind** =035 ##$$0010-061300000022333 =041 ##$$a Ind =082 ##$$a 423 =090 ##$$a 423, Sya p =100 ##$$a Syah djalinus =245 ##$$a Percakapan populer inggris- indonesia, Djalinus syah =260 ##$$a 1996 $b Jakarta =300 ##$$a 237, 17 cm =650 ##$$a Percakapan =850 ##$$a NBPNMAT